[Event "MARIENBAD OPEN 2019 - B1 - IM"]
[Site "Polonia hotel, Marianske Lazne"]
[Date "2019.01.21"]
[Round "3"]
[White "Kornitzky, Tino"]
[Black "Gorbatov, Alexej"]
[Result "0-1"]
[WhiteElo "2133"]
[BlackElo "2389"]
[EventDate "2019.01.19"]

1. d4  d5  2. c4  e6
3. g3  g6  4. Bg2
Bg7  5. Nf3  Ne7
6. O-O  Nbc6  7. cxd5
exd5  8. Nc3  O-O
9. Bf4  Bg4  10. e3
h6  11. h4  a6
12. Qb3  Na5  13. Qa4  Nec6
14. Ne5  Be6  15. Nxc6
Nxc6  16. e4  dxe4
17. d5  Bxd5  18. Nxd5
Qxd5  19. Bxe4  Qb5
20. Qxb5  axb5  21. Bxc7
Rfe8  22. Bd5  Re7
23. Bb6  Ra6  24. Be3
Nb4  25. Bb3  Nd3
26. Rad1  Nxb2  27. Rd5
Nc4  28. Rxb5  Nxe3
29. fxe3  h5  30. e4
Rd6  31. Bd5  b6
32. Rb4  Be5  33. Kg2
Rc7  34. Rf2  Kg7
35. Rc4  Ra7  36. Rc8
Rdd7  37. Rc6  Bd4
38. Rd2  Bc5  39. Re2
Ra3  40. Bb3  Raa7
41. e5  Re7  42. e6
fxe6  43. Rexe6  Rxe6
44. Rxe6  Rd7  45. Re2
Rd3  46. Kh3  Bd6
47. Rg2  Kh6  48. Rg1
g5  49. Rg2  g4+
50. Kh2  Kg7  51. Bc4
Rc3  52. Bb5  Re3
53. Bc4  Kf6  54. Bb3
b5  55. Bd5  Rc3
56. Bb3  Be5  57. Bd5
Ke7  58. Bb3  Rf3
59. Bd5  Re3  60. Bb3
Rc3  61. Bd5  Bc7
62. Bb3  Rf3  63. Bd5
Rf5  64. Bb3  Bb6
65. Bc2  Rf6  66. Bd3
b4  67. Bc4  Bf2
68. Bb3  Kd6  69. Ba4
Ke7  70. Bb3  Kf8
71. Bc4  Kg7  72. Bb3
Bc5  73. Bd5  Rf5
74. Bb3  Kf6  75. Bc2
Re5  76. Bb3  Ke7
77. Bc4  Rf5  78. Bb3
Kd6  79. Bc2  Re5
80. Bb3  Bd4  81. Bc4
Be3  82. Bb3  Kc5
83. Bf7  Kd4  84. Bb3
Kd3  85. Bc2+  Kc3
86. Bb3  Rf5  87. Rc2+
Kd3  88. Rg2  Rf6
89. Bc2+  Kd4  90. Bb3
Bf2  91. Ba4  Ke3
92. Bb3  Rf5  93. Be6
Rc5  94. Bb3  Rc3
95. Bf7  Ra3  96. Bc4
Rc3  97. Bf7  Rc2
98. Bb3  Rd2  99. Bf7
Kf3  100. Kh1  Rd7
101. Be8  Rd6  102. Kh2
Rd2  103. Bc6+  Ke3
104. Be8  Rxa2  105. Bxh5
Kf3  106. Kh1  b3
107. Bg6  Bxg3  108. Be4+
Kxe4  109. Rxg3  b2
110. Rxg4+  Kf3  0-1

[Event "MARIENBAD OPEN 2019 - B1 - IM"]
[Site "Polonia hotel, Marianske Lazne"]
[Date "2019.01.21"]
[Round "3"]
[White "Baum, Jonasz"]
[Black "Nagy, Gabor"]
[Result "0-1"]
[WhiteElo "2302"]
[BlackElo "2479"]
[EventDate "2019.01.19"]

1. d4  Nf6  2. c4  b6
3. Nf3  Bb7  4. g3
g6  5. Bg2  Bg7
6. Nc3  Ne4  7. Nxe4  Bxe4
8. O-O  O-O  9. d5
c5  10. Bh3  Bxf3
11. exf3  d6  12. Re1
Nd7  13. Qe2  Re8
14. Bg5  Bf6  15. f4
Rb8  16. a4  a6
17. Ra3  Bd4  18. Kg2  Nf6
19. f5  b5  20. axb5
axb5  21. cxb5  Nxd5
22. fxg6  hxg6  23. f4
Bf6  24. Bxf6  Nxf6
25. f5  gxf5  26. Bxf5
e6  27. Bc2  Nd7
28. Qg4+  Kf8  29. Qh5
Qf6  30. Rf3  Qg7
31. Ref1  Ne5  32. R3f2
Re7  33. h3  Rxb5
34. Qe2  Rxb2  35. Qa6
Rd7  36. Qa8+  Ke7
37. Ba4  Rxf2+  38. Rxf2
Rd8  39. Qb7+  Kf8
40. Qb6  Qg5  41. h4
Qe7  42. h5  Kg7
43. Bd1  Qg5  44. Rf4
Kh6  45. Qb3  Rg8
46. Qe3  f5  47. Kh3
Kh7  48. Kg2  Qg7
49. Bc2  Qb7+  50. Kh2
Qb2  51. Qe2  Qc3
52. Qg2  Ng4+  53. Kh3
Rg5  54. Rxg4  Rxg4
55. h6  d5  56. Qf2
Kxh6  57. Bxf5  Qxg3+
0-1

[Event "MARIENBAD OPEN 2019 - B2 - IM"]
[Site "the Polonia hotel, Hlavni trida 50, Marianske Lazne"]
[Date "2019.01.21"]
[Round "3"]
[White "Stigar, Petter"]
[Black "Hesse, Henrik"]
[Result "1/2-1/2"]
[WhiteElo "2177"]
[BlackElo "2166"]
[EventDate "2019.01.19"]

1. e4  e5  2. Nf3  Nf6
3. Nxe5  d6  4. Nf3
Nxe4  5. Nc3  Nxc3
6. dxc3  Be7  7. Be3
Nd7  8. Qd2  O-O
9. O-O-O  b6  10. h4
Bb7  11. Bd3  Nc5
12. Ng5  h6  13. Bh7+
Kh8  14. Bf5  Qe8
15. Bd4  f6  16. Nh3
Be4  17. Bxe4  Nxe4
18. Qe3  d5  19. c4
c6  20. cxd5  cxd5
21. Nf4  Bd6  22. Nxd5
Qe6  23. Nc3  Rae8
24. Qxe4  Qxe4  25. Nxe4
Rxe4  26. Be3  Bf4
27. Bxf4  Rxf4  28. Rd2
Re8  29. g3  Rfe4
30. c3  f5  31. Kc2
1/2-1/2

[Event "MARIENBAD OPEN 2019 - B2 - IM"]
[Site "the Polonia hotel, Hlavni trida 50, Marianske Lazne"]
[Date "2019.01.21"]
[Round "3"]
[White "Kacharava, Nikolozi"]
[Black "Jurek, Josef"]
[Result "1-0"]
[WhiteElo "2397"]
[BlackElo "2273"]
[EventDate "2019.01.19"]

1. e4  e6  2. d4  d5
3. Nd2  Be7  4. Ngf3
Nf6  5. Bd3  c5
6. exd5  Qxd5  7. dxc5  Nbd7
8. b4  a5  9. Bc4
Qh5  10. c3  Nd5
11. Bxd5  Qxd5  12. Bb2
axb4  13. cxb4  Rxa2
14. Rxa2  Qxa2  15. Qc1
O-O  16. O-O  Bf6
17. Bxf6  Nxf6  18. Qc4
Qxc4  19. Nxc4  Bd7
20. Nd6  Bc6  21. Ne5
Bd5  22. f3  Nh5
23. Ra1  Nf4  24. Nd7
Rd8  25. Nb6  Rb8
26. b5  g5  27. Nd7
Rd8  28. Nf6+  Kg7
29. Nxd5  exd5  30. Nxb7
Re8  31. c6  Re2
32. c7  Rxg2+  33. Kh1
Rc2  34. Nd6  1-0

[Event "MARIENBAD OPEN 2019 - C - FIDE open"]
[Site "Polonia hotel, Marianske Lazne"]
[Date "2019.01.21"]
[Round "3"]
[White "Michalczak, Thomas"]
[Black "Shagbazyan, Taron"]
[Result "0-1"]
[WhiteElo "2139"]
[BlackElo "2415"]
[PlyCount "86"]
[EventDate "2019.01.19"]

1. e4 e5 2. Nf3 Nc6 3. Bb5 a6 4. Ba4 Nf6 5. O-O Be7 6. Re1 b5 7. Bb3 d6 8. c3
O-O 9. h3 Nb8 10. d4 Nbd7 11. Nbd2 Bb7 12. Bc2 Re8 13. Nf1 Bf8 14. Ng3 g6 15.
a4 c5 16. d5 c4 17. Bg5 h6 18. Be3 Qc7 19. Qd2 Kh7 20. Nh2 Nc5 21. Ng4 Ng8 22.
f4 exf4 23. Bxf4 Bc8 24. Nh2 bxa4 25. Rad1 Rb8 26. e5 dxe5 27. d6 Qc6 28. Rxe5
Rxe5 29. Bxe5 Be6 30. Qf4 Nd7 31. Ng4 Rxb2 32. Be4 Qc5+ 33. Kh1 Rb5 34. Nh5 f5
35. Ngf6+ Ngxf6 36. Nxf6+ Nxf6 37. Bxf6 Bd7 38. Bf3 a3 39. Qd2 Rb2 40. Qc1 Qb5
41. Bd5 a2 42. Bxc4 Qa4 43. Bxa2 Qxa2 0-1

[Event "MARIENBAD OPEN 2019 - C - FIDE open"]
[Site "Polonia hotel, Marianske Lazne"]
[Date "2019.01.21"]
[Round "3"]
[White "Sabuk, Piotr"]
[Black "Lys, Josef"]
[Result "0-1"]
[WhiteElo "2395"]
[BlackElo "2134"]
[PlyCount "79"]
[EventDate "2019.01.19"]

1. d4 Nf6 2. Bf4 d5 3. e3 g6 4. Nc3 Bg7 5. h4 c6 6. Nf3 Bg4 7. Qd2 Bxf3 8. gxf3
b5 9. a4 b4 10. Ne2 a5 11. Ng3 h5 12. e4 e6 13. c4 bxc3 14. bxc3 O-O 15. Rg1
dxe4 16. fxe4 Ne8 17. Bg5 Qd7 18. Nxh5 gxh5 19. Bf6 Nxf6 20. Rxg7+ Kxg7 21.
Qg5+ Kh7 22. e5 Rg8 23. Bd3+ Rg6 24. Rb1 Ng8 25. Ke2 Kg7 26. Qxh5 Na6 27. Qf3
Rb8 28. Bxg6 fxg6 29. Rg1 Rb2+ 30. Ke3 Qf7 31. h5 Qxf3+ 32. Kxf3 Ne7 33. Ke3
Nc7 34. c4 Rb4 35. Kd3 Na6 36. f4 Kf7 37. hxg6+ Nxg6 38. f5 exf5 39. e6+ Kf6
40. d5 0-1

[Event "MARIENBAD OPEN 2019 - C - FIDE open"]
[Site "Polonia hotel, Marianske Lazne"]
[Date "2019.01.21"]
[Round "3"]
[White "Chkhaidze, Nikoloz"]
[Black "Dovzhenko, Viktor"]
[Result "1-0"]
[WhiteElo "2290"]
[BlackElo "2078"]
[PlyCount "107"]
[EventDate "2019.01.19"]

1. e4 g6 2. d4 Bg7 3. Nc3 a6 4. Be3 d6 5. Qd2 Nd7 6. h4 h6 7. h5 g5 8. f4 gxf4
9. Bxf4 Bxd4 10. Qxd4 e5 11. Bxe5 dxe5 12. Qe3 c6 13. Nf3 Ngf6 14. O-O-O Ng4
15. Qd2 Qb6 16. Bc4 Qe3 17. Bb3 b5 18. Qxe3 Nxe3 19. Rd6 b4 20. Na4 Rb8 21.
Rxc6 Bb7 22. Rd6 Bxe4 23. Re1 Bxf3 24. gxf3 Ng2 25. Red1 Rb7 26. Bd5 Ne3 27.
Bxb7 Nxd1 28. Kxd1 Ke7 29. Rxa6 Nf6 30. Nc5 Nxh5 31. Nd3 f6 32. Ra8 Rxa8 33.
Bxa8 Ng3 34. Ke1 h5 35. Kf2 b3 36. cxb3 Nf5 37. f4 Kd6 38. Be4 Nd4 39. fxe5+
fxe5 40. Kg3 Ne2+ 41. Kh4 Ke6 42. Bg6 Kd5 43. Bxh5 Nd4 44. Kg3 Nc6 45. Kf2 Kd4
46. Ke2 e4 47. Nf4 Nb4 48. a3 Na6 49. Bf7 Nb8 50. Be8 Na6 51. Bf7 Nb8 52. Be8
Na6 53. Ne6+ Ke5 54. Bb5 1-0

[Event "MARIENBAD OPEN 2019 - C - FIDE open"]
[Site "Polonia hotel, Marianske Lazne"]
[Date "2019.01.21"]
[Round "3"]
[White "Qiu, Mengjie"]
[Black "Dylag, Emilia"]
[Result "1-0"]
[WhiteElo "2247"]
[BlackElo "2002"]
[PlyCount "105"]
[EventDate "2019.01.19"]

1. e4 c5 2. Nf3 d6 3. Bb5+ Nd7 4. O-O a6 5. Bd3 Ngf6 6. a4 g6 7. c3 Bg7 8. Bc2
O-O 9. d4 b6 10. Re1 Qc7 11. h3 Bb7 12. d5 b5 13. Na3 b4 14. Nc4 a5 15. Bd2 Ba6
16. Bd3 Nb6 17. Qe2 Nfd7 18. Nxb6 Qxb6 19. Rab1 Rfc8 20. c4 b3 21. Bc3 Ne5 22.
Nd2 Bh6 23. Rf1 Bf4 24. g3 Bxd2 25. Bxd2 Qc7 26. f4 Nxd3 27. Qxd3 Qd7 28. f5
Qxa4 29. Rbc1 Qd7 30. Qe3 Qe8 31. fxg6 hxg6 32. Rf4 f6 33. Rg4 Kf7 34. Rxg6 Qh8
35. Rh6 Qg7 36. Qf3 Rh8 37. Qh5+ Kg8 38. Kh2 Rxh6 39. Bxh6 Qf7 40. Qh4 Bc8 41.
g4 a4 42. g5 f5 43. Qg3 a3 44. bxa3 Rxa3 45. e5 f4 46. Qc3 b2 47. Qxa3 bxc1=Q
48. Qxc1 dxe5 49. Qb1 Qh5 50. Kg1 Bxh3 51. Qb8+ Kf7 52. Qf8+ Kg6 53. Qe8+ 1-0

[Event "MARIENBAD OPEN 2019 - C - FIDE open"]
[Site "Polonia hotel, Marianske Lazne"]
[Date "2019.01.21"]
[Round "3"]
[White "Topola, Rafal"]
[Black "Svanda, Ondrej"]
[Result "0-1"]
[WhiteElo "1599"]
[BlackElo "2215"]
[PlyCount "94"]
[EventDate "2019.01.19"]

1. e4 c5 2. Nf3 g6 3. d4 cxd4 4. Qxd4 Nf6 5. e5 Nc6 6. Qa4 Nd5 7. Qe4 Nc7 8.
Nc3 Bg7 9. Bc4 b5 10. Bb3 O-O 11. Bf4 Bb7 12. O-O-O Na5 13. Qd3 Nxb3+ 14. axb3
b4 15. Na4 Ne6 16. Bg3 Bc6 17. Nd4 Bxg2 18. Rhg1 Bc6 19. Nxe6 fxe6 20. Nc5 Qa5
21. Qd4 Rac8 22. Nd3 Bf3 23. Qxd7 Bxd1 24. Qxe6+ Kh8 25. Rxd1 Qc7 26. Qc4 Qxc4
27. bxc4 Rxc4 28. b3 Rd4 29. Kb2 a5 30. Ra1 Rd5 31. Kc1 e6 32. Kd1 Bh6 33. Ke2
Rc8 34. Ra2 Kg8 35. f4 Bf8 36. Bf2 Rc6 37. Bh4 h6 38. Kd2 Kf7 39. Ra1 Be7 40.
Bxe7 Kxe7 41. Rg1 Kf7 42. h4 Rc8 43. Rg2 Rd7 44. Kd1 a4 45. bxa4 b3 46. Rd2
bxc2+ 47. Kc1 Rc3 0-1

[Event "MARIENBAD OPEN 2019 - C - FIDE open"]
[Site "Polonia hotel, Marianske Lazne"]
[Date "2019.01.21"]
[Round "3"]
[White "Varitski, Igor"]
[Black "Pawicka, Magdalena"]
[Result "1/2-1/2"]
[WhiteElo "2209"]
[BlackElo "1709"]
[PlyCount "126"]
[EventDate "2019.01.19"]

1. f4 e6 2. e4 d5 3. e5 c5 4. Nf3 Nc6 5. d4 Nge7 6. c3 Nf5 7. g4 Nh4 8. Be3
Nxf3+ 9. Qxf3 cxd4 10. cxd4 Bb4+ 11. Nc3 Qa5 12. Bf2 Bd7 13. Be2 Rc8 14. O-O
Bxc3 15. bxc3 O-O 16. f5 f6 17. exf6 Rxf6 18. Qh3 Rf7 19. Qd3 e5 20. Be1 exd4
21. cxd4 Qa4 22. Bc3 Nb4 23. Bxb4 Qxb4 24. Rab1 Qa5 25. Rxb7 Bxf5 26. Qb5 Qxb5
27. Rxb5 Be6 28. Rxf7 Bxf7 29. Rb7 a5 30. Ra7 g6 31. Rxa5 Rc2 32. Bf3 Rd2 33.
Bxd5 Bxd5 34. Rxd5 Rxa2 35. g5 Rd2 36. Rd7 Kf8 37. h3 Ke8 38. Rxh7 Rxd4 39. Rg7
Rd6 40. Kg2 Kf8 41. Rh7 Kg8 42. Re7 Rb6 43. Kf3 Rb3+ 44. Re3 Rb6 45. Kf4 Kf7
46. Re4 Ra6 47. h4 Rb6 48. Kg4 Kg7 49. Rc4 Ra6 50. Rd4 Rb6 51. Kf4 Kf7 52. Ke5
Ke7 53. Rd5 Re6+ 54. Kd4 Ra6 55. Rb5 Rd6+ 56. Rd5 Rxd5+ 57. Kxd5 Kd7 58. Ke5
Ke7 59. Ke4 Ke8 60. Kd4 Kd8 61. Ke5 Ke7 62. Kf4 Kf8 63. Kg4 Kg8 1/2-1/2

[Event "MARIENBAD OPEN 2019 - C - FIDE open"]
[Site "Polonia hotel, Marianske Lazne"]
[Date "2019.01.21"]
[Round "3"]
[White "Luberanski, Jakub"]
[Black "Kolbus, Dietmar"]
[Result "1/2-1/2"]
[WhiteElo "1959"]
[BlackElo "2294"]
[PlyCount "73"]
[EventDate "2019.01.19"]

1. e4 c5 2. Nf3 a6 3. c3 d5 4. exd5 Qxd5 5. d4 Nf6 6. Be2 e6 7. O-O Nc6 8. Be3
cxd4 9. cxd4 Be7 10. Nc3 Qd6 11. Rc1 O-O 12. Bd3 Nb4 13. Bb1 Nbd5 14. Bg5 Bd7
15. Ne5 Rfc8 16. Qd3 g6 17. Rfe1 Be8 18. Qh3 Bf8 19. a3 Bg7 20. Qh4 Qf8 21. Ba2
h6 22. Bd2 g5 23. Qg3 Nxc3 24. Bxc3 Qd6 25. h4 Nd5 26. Bd2 f6 27. hxg5 hxg5 28.
Nd3 Qxg3 29. fxg3 Rxc1 30. Bxc1 Bf7 31. Nc5 Rc8 32. Nxe6 Rxc1 33. Rxc1 Bxe6 34.
Rc5 f5 35. Bxd5 Bxd4+ 36. Kf1 Bxc5 37. Bxe6+ 1/2-1/2

[Event "MARIENBAD OPEN 2019 - C - FIDE open"]
[Site "Polonia hotel, Marianske Lazne"]
[Date "2019.01.21"]
[Round "3"]
[White "Van Gils, Martin"]
[Black "Kushko, Dmitriy"]
[Result "0-1"]
[WhiteElo "1964"]
[BlackElo "2270"]
[PlyCount "80"]
[EventDate "2019.01.19"]

1. Nf3 Nf6 2. g3 g6 3. Bg2 Bg7 4. O-O O-O 5. d3 c5 6. e4 Nc6 7. Nc3 d6 8. h3
Rb8 9. Be3 e5 10. Qd2 Nd4 11. Kh2 b5 12. Ne2 b4 13. c3 Nxe2 14. Qxe2 bxc3 15.
bxc3 Qa5 16. Qc2 Be6 17. c4 Bd7 18. Rfc1 Rb6 19. Bd2 Qa3 20. Qc3 Qa4 21. Bf1
Nh5 22. Qa5 f5 23. Qxa4 Bxa4 24. Bc3 fxe4 25. Ng5 Bh6 26. Nxe4 Bxc1 27. Rxc1
Ng7 28. Kg1 Ne6 29. h4 Bd7 30. f4 Nd4 31. fxe5 Nf3+ 32. Kg2 Nxe5 33. d4 cxd4
34. Bxd4 Bc6 35. Bxb6 Bxe4+ 36. Kh3 axb6 37. Rd1 Rf2 38. g4 Rf3+ 39. Kh2 Nxg4+
40. Kg1 Rg3+ 0-1

[Event "MARIENBAD OPEN 2019 - C - FIDE open"]
[Site "Polonia hotel, Marianske Lazne"]
[Date "2019.01.21"]
[Round "3"]
[White "Sprenar, Petr"]
[Black "Nytra, Ondrej"]
[Result "1-0"]
[WhiteElo "2236"]
[BlackElo "1956"]
[PlyCount "73"]
[EventDate "2019.01.19"]

1. c4 e5 2. e3 Nf6 3. Nc3 d5 4. cxd5 Nxd5 5. Nf3 Nc6 6. Qc2 Be6 7. a3 a6 8. Be2
g6 9. Ne4 Bf5 10. d3 Bg7 11. b4 O-O 12. Bb2 Qe7 13. O-O Rad8 14. Nc5 Bc8 15.
Nxa6 f5 16. Nc5 f4 17. e4 Nb6 18. b5 Nd4 19. Nxd4 exd4 20. f3 g5 21. a4 h5 22.
a5 Nd7 23. Ba3 Ne5 24. Nxb7 Rd6 25. Nxd6 cxd6 26. Rfc1 g4 27. Qxc8 Rxc8 28.
Rxc8+ Kh7 29. b6 Qg5 30. Rf1 gxf3 31. Bxf3 h4 32. h3 Nxd3 33. b7 Qxa5 34. b8=Q
Qxa3 35. Rc7 Qa5 36. Qb7 Qg5 37. Rxg7+ 1-0

[Event "MARIENBAD OPEN 2019 - C - FIDE open"]
[Site "Polonia hotel, Marianske Lazne"]
[Date "2019.01.21"]
[Round "3"]
[White "Deckert, Frank"]
[Black "Litvinov, Dmitri"]
[Result "1-0"]
[WhiteElo "1977"]
[BlackElo "1608"]
[PlyCount "37"]
[EventDate "2019.01.19"]

1. d4 Nf6 2. Nf3 e6 3. Bg5 c5 4. e3 Qb6 5. Qc1 Ne4 6. Bf4 cxd4 7. exd4 Nc6 8.
c3 d5 9. Bd3 Bd6 10. Bxd6 Nxd6 11. Nbd2 O-O 12. O-O h6 13. Re1 Re8 14. Nf1 Bd7
15. Ng3 Rac8 16. Qf4 Na5 17. Nh5 Nac4 18. Qg4 Nf5 19. Bxf5 1-0

[Event "MARIENBAD OPEN 2019 - C - FIDE open"]
[Site "Polonia hotel, Marianske Lazne"]
[Date "2019.01.21"]
[Round "3"]
[White "Shevtsov, Demyan"]
[Black "Ivashin, Alex"]
[Result "1/2-1/2"]
[WhiteElo "1131"]
[BlackElo "1883"]
[PlyCount "98"]
[EventDate "2019.01.19"]

1. e4 c5 2. Nf3 d6 3. d4 cxd4 4. Nxd4 e5 5. Nb3 Nf6 6. Nc3 Be7 7. f4 Bg4 8. Qd3
exf4 9. Bxf4 O-O 10. h3 Be6 11. O-O-O Bxb3 12. axb3 Re8 13. Bxd6 Bxd6 14. Qxd6
Qa5 15. Kb1 Nc6 16. Bd3 Rad8 17. Qa3 Qg5 18. g4 a6 19. Rhf1 b5 20. Qxa6 Ne5 21.
Qxb5 g6 22. Qa6 Re6 23. Qa5 Rdd6 24. Bc4 Rxd1+ 25. Rxd1 Re8 26. Rd8 Rxd8 27.
Qxd8+ Kg7 28. Nd5 Nxc4 29. bxc4 Nxe4 30. Qxg5 Nxg5 31. b4 Ne6 32. c3 f5 33.
gxf5 gxf5 34. Kc1 Kg6 35. b5 Nc5 36. Kd2 Kg5 37. Ke3 h5 38. Kd4 Nb3+ 39. Ke5
Nc5 40. Ne3 f4 41. Ng2 f3 42. Ne3 f2 43. b6 Nd7+ 44. Ke4 Nxb6 45. c5 Nc4 46.
Nf1 Kh4 47. Kf3 Kxh3 48. Kxf2 Ne5 49. Ne3 Nd3+ 1/2-1/2

[Event "MARIENBAD OPEN 2019 - C - FIDE open"]
[Site "Polonia hotel, Marianske Lazne"]
[Date "2019.01.21"]
[Round "3"]
[White "Skoloud, Barnabas"]
[Black "Menshikov, Ivan"]
[Result "1-0"]
[WhiteElo "1756"]
[BlackElo "1462"]
[PlyCount "45"]
[EventDate "2019.01.19"]

1. e4 e6 2. Nf3 d5 3. e5 c5 4. b4 cxb4 5. d4 Nc6 6. a3 Qb6 7. axb4 Bxb4+ 8. c3
Be7 9. Bd3 Bd7 10. O-O O-O-O 11. Na3 a6 12. Qc2 h5 13. Be3 Nh6 14. Rfb1 Qc7 15.
Qe2 Nb8 16. c4 Bc6 17. Nb5 axb5 18. cxb5 Kd7 19. Ra7 Ke8 20. bxc6 Nxc6 21.
Rbxb7 Qc8 22. Bb5 Nf5 23. Rc7 1-0

[Event "MARIENBAD OPEN 2019 - C - FIDE open"]
[Site "Polonia hotel, Marianske Lazne"]
[Date "2019.01.21"]
[Round "3"]
[White "Mishin, Matvey"]
[Black "Schoeppe, Christian"]
[Result "1-0"]
[WhiteElo "1276"]
[BlackElo "1544"]
[PlyCount "75"]
[EventDate "2019.01.19"]

1. e4 e5 2. Nf3 Nf6 3. Nxe5 Qe7 4. Nf3 d5 5. e5 Bg4 6. Be2 Bxf3 7. exf6 Qxe2+
8. Qxe2+ Bxe2 9. Kxe2 Nd7 10. fxg7 Bxg7 11. c3 O-O-O 12. d4 Rde8+ 13. Be3 c5
14. Kd2 c4 15. Na3 Re6 16. Nc2 Rhe8 17. Rhe1 a5 18. Bf4 Nf6 19. f3 Nh5 20. Rxe6
Rxe6 21. Be3 f5 22. g3 Kd7 23. Re1 b5 24. Bg5 b4 25. Rxe6 Kxe6 26. Bd8 b3 27.
axb3 cxb3 28. Ne1 a4 29. Nd3 Bf8 30. Ba5 a3 31. bxa3 Bxa3 32. Bb4 Bxb4 33. cxb4
Nf6 34. Kc3 h5 35. Kxb3 Kd6 36. Ka4 Kc6 37. Ka5 Kb7 38. b5 1-0

[Event "MARIENBAD OPEN 2019 - D - Open Seniors"]
[Site "Polonia hotel, Marianske Lazne"]
[Date "2019.01.21"]
[Round "3"]
[White "Briza, Jiri"]
[Black "Baum, Bernd"]
[Result "1-0"]
[WhiteElo "1944"]
[BlackElo "2204"]
[PlyCount "61"]
[EventDate "2019.01.19"]

1. d4 d5 2. Nf3 Nf6 3. g3 g6 4. Bg2 Bg7 5. c4 dxc4 6. Qa4+ Nfd7 7. O-O O-O 8.
Qxc4 Nc6 9. e3 e5 10. d5 Nb6 11. Qb3 Qxd5 12. Qxd5 Nxd5 13. Nxe5 Bxe5 14. Bxd5
Nb4 15. Bb3 Bh3 16. Rd1 Rfd8 17. Rxd8+ Rxd8 18. Nc3 c6 19. Ne4 Bf5 20. Nc3 Be6
21. Kg2 Nd3 22. Bxe6 fxe6 23. Rb1 b5 24. Ne4 h6 25. b4 Ne1+ 26. Kf1 Nd3 27. Ke2
Kg7 28. Ba3 Bc7 29. Rd1 Ne5 30. Rxd8 Bxd8 31. Bb2 1-0

[Event "MARIENBAD OPEN 2019 - D - Open Seniors"]
[Site "Polonia hotel, Marianske Lazne"]
[Date "2019.01.21"]
[Round "3"]
[White "Kozak, Milos"]
[Black "Spanton, Tim R"]
[Result "1-0"]
[WhiteElo "2203"]
[BlackElo "1943"]
[PlyCount "102"]
[EventDate "2019.01.19"]

1. d4 d5 2. c4 e6 3. Nf3 Nf6 4. g3 Bb4+ 5. Bd2 Be7 6. Bg2 O-O 7. O-O c6 8. Qc2
Nbd7 9. Bf4 Nh5 10. Bc1 b6 11. Rd1 Bb7 12. Nc3 Rc8 13. Ne5 Qc7 14. Nxd7 Qxd7
15. e4 dxe4 16. Nxe4 Nf6 17. Bf4 Rfd8 18. c5 Nxe4 19. Bxe4 g6 20. h4 f5 21. Bd3
Bf6 22. Bg5 Bxg5 23. hxg5 b5 24. Qe2 Re8 25. Bc2 a5 26. a3 Rcd8 27. Bb3 a4 28.
Ba2 Bc8 29. Rac1 Qg7 30. Qe3 Kh8 31. f4 Kg8 32. Rc2 Kf7 33. Rh2 Kf8 34. Qc3 Re7
35. Re1 Ree8 36. Re5 Re7 37. Qa5 Rde8 38. Qb6 Bd7 39. Qc7 Rc8 40. Qa5 Rce8 41.
Rhe2 Qf7 42. Qc3 Ra8 43. d5 cxd5 44. Bxd5 Rae8 45. c6 Bc8 46. Ba2 Rc7 47. Rd2
Bb7 48. Qb4+ Kg7 49. cxb7 Rc1+ 50. Kf2 Qxb7 51. Qd4 Re7 1-0

[Event "MARIENBAD OPEN 2019 - D - Open Seniors"]
[Site "Polonia hotel, Marianske Lazne"]
[Date "2019.01.21"]
[Round "3"]
[White "Ahrends, Norbert"]
[Black "Polich, Sergei"]
[Result "0-1"]
[WhiteElo "1898"]
[BlackElo "2112"]
[PlyCount "52"]
[EventDate "2019.01.19"]

1. d4 d5 2. c4 e6 3. Nc3 Nf6 4. Nf3 Bb4 5. cxd5 exd5 6. e3 O-O 7. a3 Bd6 8. h3
Bf5 9. Bd3 Bxd3 10. Qxd3 c6 11. O-O Re8 12. Nd2 Qe7 13. Re1 Ne4 14. Ncxe4 dxe4
15. Qb3 Bc7 16. f4 exf3 17. Nxf3 b6 18. e4 Nd7 19. Bg5 Qd6 20. Qc3 Qg6 21. Qc2
h6 22. Bh4 c5 23. Re2 Rac8 24. d5 Ne5 25. Kh1 Nxf3 26. gxf3 Qh5 0-1

[Event "MARIENBAD OPEN 2019 - D - Open Seniors"]
[Site "Polonia hotel, Marianske Lazne"]
[Date "2019.01.21"]
[Round "3"]
[White "Pokora, Lubomir"]
[Black "Bartos, Jan"]
[Result "0-1"]
[WhiteElo "1885"]
[BlackElo "2178"]
[PlyCount "116"]
[EventDate "2019.01.19"]

1. d4 Nf6 2. Bf4 e6 3. e3 b6 4. Nd2 Bb7 5. c3 d6 6. h3 Nbd7 7. Ngf3 g6 8. Qc2
Bg7 9. Be2 O-O 10. O-O Qe7 11. e4 Nh5 12. Be3 f5 13. exf5 exf5 14. Nb3 f4 15.
Bc1 Be4 16. Qd1 Rae8 17. Nbd2 Bd5 18. Bc4 Bxc4 19. Nxc4 h6 20. Re1 Qf7 21. Rxe8
Rxe8 22. b3 d5 23. Nb2 Qf5 24. Qd3 Qxd3 25. Nxd3 c5 26. Bd2 g5 27. Re1 Rxe1+
28. Bxe1 Nhf6 29. c4 cxd4 30. Nxd4 dxc4 31. bxc4 Ne4 32. Ne6 Bf6 33. f3 Nd6 34.
c5 bxc5 35. Nexc5 Nxc5 36. Nxc5 Bd4+ 37. Bf2 Bxf2+ 38. Kxf2 Nf5 39. Ne4 Kf7 40.
g3 fxg3+ 41. Nxg3 Ke6 42. Ne2 Ke5 43. Nc3 a5 44. Ke1 Kd4 45. Kd2 Kc4 46. Nb1
Nh4 47. Ke3 Ng2+ 48. Ke4 a4 49. Kf5 Kd3 50. Kg6 Nf4+ 51. Kxh6 Nxh3 52. Kh5 Ng1
53. Kxg5 Nxf3+ 54. Kf4 Nd4 55. Ke5 Nb5 56. Kd5 Kc2 57. Kc5 Kxb1 58. Kxb5 a3 0-1

[Event "MARIENBAD OPEN 2019 - D - Open Seniors"]
[Site "Polonia hotel, Marianske Lazne"]
[Date "2019.01.21"]
[Round "3"]
[White "Schatz, Christian"]
[Black "Simecek, Jan"]
[Result "1-0"]
[WhiteElo "2159"]
[BlackElo "1840"]
[PlyCount "47"]
[EventDate "2019.01.19"]

1. Nf3 d5 2. g3 Bg4 3. Bg2 Nd7 4. c4 c6 5. cxd5 cxd5 6. Qa4 Ngf6 7. Nc3 a6 8.
Nxd5 Nxd5 9. Qxg4 N7f6 10. Qa4+ b5 11. Qb3 e6 12. O-O Be7 13. a4 b4 14. d4 a5
15. Ne5 Qc7 16. e4 Nb6 17. Bf4 Qb7 18. Rac1 Rc8 19. Rxc8+ Qxc8 20. Rc1 Qb7 21.
Nc6 O-O 22. Nxa5 Qa6 23. Nc6 Bd8 24. a5 1-0

[Event "MARIENBAD OPEN 2019 - D - Open Seniors"]
[Site "Polonia hotel, Marianske Lazne"]
[Date "2019.01.21"]
[Round "3"]
[White "Chmelik, Jiri"]
[Black "Truksa, Vaclav"]
[Result "1-0"]
[WhiteElo "1977"]
[BlackElo "1802"]
[PlyCount "50"]
[EventDate "2019.01.19"]

1. d4 Nf6 2. c4 g6 3. Nc3 Bg7 4. e4 d6 5. f3 O-O 6. Be3 c6 7. Qd2 e5 8. d5 c5
9. Nge2 Na6 10. Nc1 Nc7 11. Nd3 Bd7 12. b4 b6 13. Be2 a5 14. bxc5 bxc5 15. O-O
Qe7 16. Rab1 Rfb8 17. Rb2 Qe8 18. Rfb1 Nh5 19. Rb6 Bf8 20. a3 Ng7 21. R1b2 Qc8
22. Qc1 Rxb6 23. Rxb6 Rb8 24. Qb1 Rxb6 25. Qxb6 Qa6 1-0

[Event "MARIENBAD OPEN 2019 - D - Open Seniors"]
[Site "Polonia hotel, Marianske Lazne"]
[Date "2019.01.21"]
[Round "3"]
[White "Kucera, Jiri"]
[Black "Hrivnakova, Anna"]
[Result "1-0"]
[WhiteElo "1939"]
[BlackElo "1540"]
[PlyCount "87"]
[EventDate "2019.01.19"]

1. e4 c5 2. Nf3 d6 3. c3 Bg4 4. Bc4 e6 5. d4 cxd4 6. cxd4 Be7 7. Nc3 Nf6 8.
Bb5+ Nfd7 9. O-O O-O 10. Be2 a6 11. h3 Bh5 12. Be3 Bf6 13. Qb3 Qb6 14. Qxb6
Nxb6 15. Rfd1 N6d7 16. d5 e5 17. b4 Bd8 18. g4 Bg6 19. a4 Nf6 20. Nd2 Nbd7 21.
a5 h6 22. f3 Nh7 23. Nc4 Be7 24. Na4 Ng5 25. Kg2 Nh7 26. Nab6 Nxb6 27. Nxb6
Rad8 28. Rac1 Rfe8 29. Rc7 Rb8 30. b5 Bd8 31. Rc2 Bxb6 32. Bxb6 axb5 33. Bxb5
Rec8 34. Rdc1 Rxc2+ 35. Rxc2 Ng5 36. Bd3 f6 37. h4 Nf7 38. h5 Bh7 39. Rc7 Kf8
40. Ba7 Ra8 41. Rxb7 Rc8 42. Rb8 Rxb8 43. Bxb8 Ke7 44. a6 1-0

[Event "MARIENBAD OPEN 2019 - D - Open Seniors"]
[Site "Polonia hotel, Marianske Lazne"]
[Date "2019.01.21"]
[Round "3"]
[White "Lacha, Jan"]
[Black "Becvar, Miroslav"]
[Result "1/2-1/2"]
[WhiteElo "1727"]
[BlackElo "1869"]
[PlyCount "37"]
[EventDate "2019.01.19"]

1. e4 e6 2. d4 d5 3. Nd2 Nf6 4. Bd3 c5 5. c3 Nc6 6. e5 Nd7 7. Ne2 Qb6 8. Nf3
cxd4 9. cxd4 f6 10. exf6 Nxf6 11. O-O Bd6 12. Bf4 Qc7 13. Qd2 O-O 14. Bxd6 Qxd6
15. Ng3 Bd7 16. a3 Rae8 17. Rae1 Qc7 18. Qg5 Bc8 19. Bb1 1/2-1/2